00326nam a22001337a 450000500170000000800410001702000180005804100080007608200100008410000230009424500320011726000350014930000080018420160427094516.0160427b xxu||||| |||| 00| 0 eng d a81-203-2384-X aeng b00204 aStallings, William aBusiness Data Communicating aNew DelhibPHI Pvt Ltd. c2002 a659